Normal view
MARC view
Entry Personal Name
001 - CONTROL NUMBER
- control field: 50853
003 - CONTROL NUMBER IDENTIFIER
- control field: ARRUPE
005 - DATE AND TIME OF LATEST TRANSACTION
- control field: 20211102092709.0
008 - FIXED-LENGTH DATA ELEMENTS
- fixed length control field: 211102|| aca||aabn | a|a d
040 ## - CATALOGING SOURCE
- Original cataloging agency: ARRUPE
- Transcribing agency: ARRUPE
100 ## - HEADING--PERSONAL NAME
- Personal name: Katongole, Emmanuel M
670 ## - SOURCE DATA FOUND
- Source citation: Work cat.: (ARRUPE): Katongole, Emmanuel M., A future for African critical essays in Christian social imagination